[Event "5th American Continental"]
[Site "Sao Paulo BRA"]
[Date "2009.07.28"]
[Round "5.34"]
[White "Dos Santos, Ramiro"]
[Black "Martins, Vinicius Tine"]
[Result "1/2-1/2"]
[WhiteElo "2438"]
[BlackElo "2250"]
[EventDate "2009.07.25"]
[PlyCount "86"]

1.e4 c5 2.Nf3 d6 3.d4 cxd4 4.Nxd4 Nf6 5.Nc3 g6 6.Be3 Bg7 7.f3 O-O 8.Qd2 
Nc6 9.O-O-O d5 10.exd5 Nxd5 11.Nxc6 bxc6 12.Bd4 Nxc3 13.Qxc3 Bh6+ 14.Be3 
Bxe3+ 15.Qxe3 Qb6 16.Qxe7 Be6 17.Qa3 Rad8 18.Bd3 Rd5 19.Rhe1 Ra5 20.Qc3 
Rxa2 21.b3 Qa5 22.Qxa5 Rxa5 23.g3 Bd5 24.Re3 Ra1+ 25.Kd2 Ra2 26.Be4 a5 27.
Bxd5 cxd5 28.Rd3 Rd8 29.Rd4 Rc8 30.Rc1 Rc5 31.Rd3 a4 32.Rc3 Rb5 33.bxa4 
Rxa4 34.Re1 Rd4+ 35.Ke3 Ra4 36.Kd3 Ra7 37.Re5 Rd7 38.Kd4 Rb4+ 39.Kd3 Rb1 
40.Re2 Kg7 41.Rc6 Ra1 42.f4 Ra3+ 43.Rc3 Ra4 1/2-1/2

[Event "5th American Continental"]
[Site "Sao Paulo BRA"]
[Date "2009.07.28"]
[Round "5.35"]
[White "Alvarez Marquez, Johann"]
[Black "Assumpcao, Roberto"]
[Result "0-1"]
[WhiteElo "2431"]
[BlackElo "2234"]
[EventDate "2009.07.25"]
[PlyCount "109"]

1.d4 Nf6 2.c4 g6 3.Nc3 d5 4.Nf3 Bg7 5.Qb3 dxc4 6.Qxc4 O-O 7.Bf4 c6 8.e4 b5
9.Qb3 Qa5 10.Bd3 b4 11.Qa4 Qb6 12.Ne2 Ba6 13.Qc2 Bxd3 14.Qxd3 Nbd7 15.Nd2 
Rfd8 16.O-O e5 17.Nc4 Qc7 18.dxe5 Nh5 19.Bg5 Re8 20.f4 h6 21.Bh4 g5 22.
Rad1 Nxf4 23.Nxf4 Nxe5 24.Nxe5 Bxe5 25.Nh5 gxh4 26.Qh3 Re6 27.b3 Qe7 28.
Rf5 Rf8 29.Qf3 Rg6 30.Kh1 a5 31.Rf1 c5 32.Nf4 Bxf4 33.Qxf4 Rg5 34.Rf6 h3 
35.gxh3 Re8 36.h4 Rg7 37.Re1 Rd8 38.Rg1 Rxg1+ 39.Kxg1 Rd1+ 40.Kg2 Qd7 41.
Qg3+ Kf8 42.Rf2 Qe6 43.Qb8+ Kg7 44.Qg3+ Qg6 45.h5 Qxg3+ 46.hxg3 Rc1 47.Kf3
Kf6 48.Ke3+ Ke6 49.g4 Rg1 50.Kf4 Rc1 51.g5 hxg5+ 52.Kxg5 Kd6 53.Rd2+ Kc6 
54.Kf5 Rh1 55.Kf4 0-1

[Event "5th American Continental"]
[Site "Sao Paulo BRA"]
[Date "2009.07.28"]
[Round "5.36"]
[White "Prasca Sosa, Rafael"]
[Black "Chemin, Vitorio"]
[Result "1-0"]
[WhiteElo "2414"]
[BlackElo "2228"]
[EventDate "2009.07.25"]
[PlyCount "79"]

1.e4 c5 2.Nf3 Nc6 3.d4 cxd4 4.Nxd4 Nf6 5.Nc3 d6 6.g3 e5 7.Nde2 Be7 8.Bg2 
O-O 9.O-O Bg4 10.h3 Bh5 11.g4 Bg6 12.Ng3 Nd4 13.Be3 Ne6 14.Qd2 h5 15.g5 
Ne8 16.h4 f6 17.Bh3 Nf4 18.Bxf4 exf4 19.Bf5 fxg3 20.Bxg6 gxf2+ 21.Rxf2 d5 
22.Qe2 fxg5 23.Rxf8+ Bxf8 24.Nxd5 Bc5+ 25.Kg2 Nf6 26.Rf1 Ng4 27.Bxh5 Ne5 
28.Rf5 Qd6 29.hxg5 Rf8 30.Bg4 Rxf5 31.Bxf5 g6 32.Nf6+ Kf7 33.Bg4 Qd4 34.
Qf1 Qd2+ 35.Kh1 Qf2 36.Qd1 Qg3 37.Qd5+ Ke7 38.Qe6+ Kd8 39.Qc8+ Ke7 40.Nd5+
1-0

[Event "5th American Continental"]
[Site "Sao Paulo BRA"]
[Date "2009.07.28"]
[Round "5.38"]
[White "Espinosa Flores, Rafael"]
[Black "Galati, Mario Augusto"]
[Result "1/2-1/2"]
[WhiteElo "2401"]
[BlackElo "2206"]
[EventDate "2009.07.25"]
[PlyCount "47"]

1.e4 c5 2.c3 d5 3.exd5 Qxd5 4.d4 g6 5.dxc5 Qxd1+ 6.Kxd1 Bg7 7.Be3 Nf6 8.
Bb5+ Nc6 9.Nf3 O-O 10.Nbd2 Ng4 11.Ke2 Nxe3 12.fxe3 Rd8 13.Rhd1 Bf5 14.Nb3 
Ne5 15.Nbd4 Be4 16.Nxe5 Bxe5 17.Nf3 Bf6 18.Bd7 h5 19.Rd2 e6 20.Rad1 g5 21.
Bb5 Rxd2+ 22.Rxd2 Rc8 23.Bd3 Bxf3+ 24.gxf3 1/2-1/2

[Event "5th American Continental"]
[Site "Sao Paulo BRA"]
[Date "2009.07.28"]
[Round "5.39"]
[White "Ueti, Silvio Shigueo"]
[Black "Fusco, Leonardo"]
[Result "1/2-1/2"]
[WhiteElo "2228"]
[BlackElo "2401"]
[EventDate "2009.07.25"]
[PlyCount "48"]

1.e4 c5 2.Nf3 d6 3.Bb5+ Bd7 4.Bxd7+ Qxd7 5.O-O Nf6 6.Qe2 Nc6 7.Rd1 e6 8.c3
Be7 9.d4 cxd4 10.cxd4 d5 11.e5 Ne4 12.Ne1 f6 13.f3 Ng5 14.Nc3 f5 15.Be3 
O-O 16.Nd3 Nf7 17.Nf4 g5 18.Nh5 f4 19.Bf2 Nh6 20.g4 fxg3 21.hxg3 Nf5 22.
Kg2 Rf7 23.g4 Ng7 24.Rh1 Raf8 1/2-1/2

[Event "5th American Continental"]
[Site "Sao Paulo BRA"]
[Date "2009.07.28"]
[Round "5.40"]
[White "Garcia, Gildardo"]
[Black "Madeira, Wagner Martins"]
[Result "1-0"]
[WhiteElo "2390"]
[BlackElo "2184"]
[EventDate "2009.07.25"]
[PlyCount "79"]

1.e4 c5 2.Nf3 d6 3.c3 Nf6 4.Be2 Nbd7 5.d3 g6 6.Nbd2 Bg7 7.d4 Qc7 8.O-O O-O
9.Re1 Rb8 10.a4 b6 11.Bf1 cxd4 12.cxd4 Bb7 13.Ra3 Rbc8 14.Rc3 Qb8 15.a5 
Rxc3 16.bxc3 bxa5 17.Qa4 Qc7 18.Bb2 Rb8 19.Qa2 Ba8 20.c4 e5 21.c5 exd4 22.
cxd6 Qc2 23.Rc1 Qxb2 24.Qxb2 Rxb2 25.Rc8+ Bf8 26.Rxa8 Nb6 27.Rxa7 Bxd6 28.
Rxa5 Nfd7 29.Rb5 Bb4 30.Nxd4 Rxd2 31.Rxb4 Kg7 32.f4 Nc5 33.Nf3 Rd6 34.e5 
Nd5 35.Rc4 Rc6 36.Nd4 Rc7 37.Nb5 Rc6 38.Be2 Ne7 39.Bf3 Rc8 40.Nd6 1-0

[Event "5th American Continental"]
[Site "Sao Paulo BRA"]
[Date "2009.07.28"]
[Round "5.41"]
[White "Borges, Rodrigo da Silva"]
[Black "Santos, Marcus Vinicius Moreira"]
[Result "1/2-1/2"]
[WhiteElo "2221"]
[BlackElo "2390"]
[EventDate "2009.07.25"]
[PlyCount "49"]

1.d4 d5 2.c4 e5 3.dxe5 d4 4.Nf3 Nc6 5.g3 Nge7 6.Bg2 Ng6 7.Bg5 Qd7 8.Qa4 h6
9.Bc1 Ngxe5 10.Nxe5 Nxe5 11.Qxd7+ Bxd7 12.O-O O-O-O 13.b3 Bg4 14.f4 d3 15.
e3 Nc6 16.Bxc6 bxc6 17.Bd2 Bc5 18.b4 Be7 19.Bc3 Rhe8 20.Nd2 Bf8 21.e4 f5 
22.e5 g5 23.Kf2 Be2 24.Rg1 g4 25.Ke3 1/2-1/2

[Event "5th American Continental"]
[Site "Sao Paulo BRA"]
[Date "2009.07.28"]
[Round "5.43"]
[White "Rodi, Luis Ernesto"]
[Black "Schuett, Ricardo de Amorim"]
[Result "1/2-1/2"]
[WhiteElo "2375"]
[BlackElo "2123"]
[EventDate "2009.07.25"]
[PlyCount "101"]

1.e4 c5 2.Nc3 e6 3.Nf3 Nc6 4.d4 cxd4 5.Nxd4 Nf6 6.Ndb5 Bb4 7.a3 Bxc3+ 8.
Nxc3 d5 9.Bd3 dxe4 10.Nxe4 Nxe4 11.Bxe4 Qxd1+ 12.Kxd1 e5 13.c3 Be6 14.Kc2 
O-O-O 15.b4 Bd5 16.Re1 Bxe4+ 17.Rxe4 f5 18.Re2 b5 19.a4 a6 20.Be3 Kb7 21.
Kb3 Rd3 22.axb5 axb5 23.Rea2 Rc8 24.Bc5 Nd4+ 25.Bxd4 exd4 26.Ra7+ Kc6 27.
R1a6+ Kd5 28.Rd7+ Ke5 29.f4+ Kxf4 30.Rxd4+ Rxd4 31.cxd4 Ke4 32.Rb6 Kxd4 
33.Rxb5 Rc3+ 34.Kb2 Re3 35.Rxf5 Re2+ 36.Kb3 Rxg2 37.Rh5 h6 38.b5 Rg1 39.
Kb4 Rb1+ 40.Ka5 g6 41.Rxh6 Kc5 42.Ka6 Ra1+ 43.Kb7 Kxb5 44.Rxg6 Rh1 45.Rg2 
Kc5 46.Kc7 Kd5 47.Kd7 Ke4 48.Ke6 Kf3 49.Ra2 Kg4 50.Ke5 Kh3 51.Kf4 1/2-1/2

[Event "5th American Continental"]
[Site "Sao Paulo BRA"]
[Date "2009.07.28"]
[Round "5.44"]
[White "Disconzi da Silva, Rodrigo"]
[Black "Abdalla, Luiz Guilherme Aurelli"]
[Result "1-0"]
[WhiteElo "2366"]
[BlackElo "2089"]
[EventDate "2009.07.25"]
[PlyCount "69"]

1.d4 d5 2.c4 c6 3.e3 Nf6 4.Bd3 e6 5.Nf3 Nbd7 6.b3 b6 7.O-O Bb7 8.Bb2 Be7 
9.Nbd2 O-O 10.Qe2 c5 11.Rfd1 cxd4 12.exd4 dxc4 13.bxc4 Rc8 14.Ne5 Nxe5 15.
dxe5 Nd7 16.Be4 Nc5 17.Bxb7 Nxb7 18.Ne4 Qc7 19.Nf6+ Bxf6 20.exf6 Qxc4 21.
Qf3 Qc2 22.fxg7 Rfd8 23.Bf6 Rxd1+ 24.Qxd1 Qc6 25.h3 Nd6 26.Qd3 Qd5 27.Qa3 
Ne4 28.Bb2 a5 29.Re1 Qf5 30.Qe3 Nc5 31.Rd1 Qc2 32.Rd2 Qb1+ 33.Kh2 Qxa2 34.
Qg5 f6 35.Qxf6 1-0

[Event "5th American Continental"]
[Site "Sao Paulo BRA"]
[Date "2009.07.28"]
[Round "5.45"]
[White "Estrada Nieto, Julian"]
[Black "Rodrigues, Nei Jorge"]
[Result "1-0"]
[WhiteElo "2332"]
[BlackElo "2033"]
[EventDate "2009.07.25"]
[PlyCount "89"]

1.e4 d5 2.exd5 Nf6 3.d4 Nxd5 4.Nf3 Bg4 5.Be2 e6 6.O-O Be7 7.h3 Bf5 8.a3 
O-O 9.c4 Nb6 10.Nc3 Nc6 11.Be3 Bf6 12.Rc1 Re8 13.b4 e5 14.d5 Nb8 15.Qd2 
Bg6 16.Rfd1 e4 17.Nd4 a5 18.d6 cxd6 19.Ndb5 axb4 20.axb4 Nc6 21.Nxd6 Re7 
22.Bxb6 Qxb6 23.Nd5 Qd8 24.Nxf6+ gxf6 25.Qc3 Qb6 26.b5 Ne5 27.c5 Qc7 28.b6
Qb8 29.Ra1 Rxa1 30.Rxa1 Nd3 31.Ra5 Rd7 32.Qxf6 Nxc5 33.Nf5 Bxf5 34.Qxf5 
Ne6 35.Qxe4 Qd6 36.Ra8+ Nd8 37.g3 Re7 38.Qf4 Qxb6 39.Qg5+ Kf8 40.Bb5 Re1+ 
41.Kg2 Re7 42.Qd5 Re8 43.Qd7 Re5 44.Qxd8+ Qxd8 45.Rxd8+ 1-0

[Event "5th American Continental"]
[Site "Sao Paulo BRA"]
[Date "2009.07.28"]
[Round "5.47"]
[White "Moreno, William"]
[Black "Quinones Paucar, Cesar"]
[Result "1/2-1/2"]
[WhiteElo "2191"]
[BlackElo "2318"]
[EventDate "2009.07.25"]
[PlyCount "35"]

1.Nf3 Nf6 2.d4 d5 3.c4 e6 4.Nc3 Be7 5.Bg5 O-O 6.e3 h6 7.Bh4 b6 8.Rc1 Bb7 
9.cxd5 exd5 10.Bd3 Nbd7 11.O-O Ne4 12.Bxe7 Qxe7 13.Bb1 Rfd8 14.a3 a5 15.
Qb3 c6 16.Nxe4 dxe4 17.Nd2 c5 18.Rfd1 1/2-1/2

[Event "5th American Continental"]
[Site "Sao Paulo BRA"]
[Date "2009.07.28"]
[Round "5.48"]
[White "Cominato Neto, Jose Luis"]
[Black "Sega, Carlos Alberto"]
[Result "1-0"]
[WhiteElo "2184"]
[BlackElo "2293"]
[EventDate "2009.07.25"]
[PlyCount "99"]

1.e4 e5 2.Nf3 Nf6 3.Nxe5 d6 4.Nf3 Nxe4 5.Nc3 Nf6 6.d4 Be7 7.h3 O-O 8.Be2 
c5 9.O-O Nc6 10.Re1 Bf5 11.Bg5 h6 12.Bh4 a6 13.a4 Nb4 14.Rc1 Re8 15.g4 Be6
16.Bf1 Nbd5 17.Nxd5 Nxd5 18.Bg3 h5 19.c4 Nb4 20.gxh5 Qd7 21.Kh2 Rad8 22.b3
Bf6 23.Qd2 d5 24.dxc5 Nc6 25.Rcd1 dxc4 26.Qf4 Qxd1 27.Rxd1 Rxd1 28.Bxc4 
Bxc4 29.Qxc4 Ne5 30.Qe4 Nxf3+ 31.Qxf3 Rd7 32.c6 bxc6 33.Qxc6 Rdd8 34.Qxa6 
Rd2 35.Qb5 Ree2 36.Kg2 Bd4 37.Qb8+ Kh7 38.Qf4 Kg8 39.a5 Be5 40.Qf3 Bxg3 
41.Kxg3 Ra2 42.b4 Reb2 43.Qb7 Rxf2 44.a6 Rf6 45.b5 Ra3+ 46.Kg4 Ra4+ 47.Kg5
Ra1 48.Qa8+ Kh7 49.Qe4+ Kg8 50.Qd4 1-0

[Event "5th American Continental"]
[Site "Sao Paulo BRA"]
[Date "2009.07.28"]
[Round "5.49"]
[White "Leal, Paulo Tarcisio Garcia"]
[Black "Gonzalez, Bolivar Ribeiro"]
[Result "1/2-1/2"]
[WhiteElo "2172"]
[BlackElo "2292"]
[EventDate "2009.07.25"]
[PlyCount "25"]

1.d4 d5 2.c4 c6 3.Nf3 Nf6 4.e3 e6 5.Bd3 Nbd7 6.b3 a6 7.O-O Bd6 8.Bb2 Qc7 
9.Nbd2 O-O 10.Rc1 Qb8 11.e4 dxe4 12.Nxe4 Nxe4 13.Bxe4 1/2-1/2

[Event "5th American Continental"]
[Site "Sao Paulo BRA"]
[Date "2009.07.28"]
[Round "5.50"]
[White "Feliciano, Vanessa"]
[Black "Chemin, Justo Reinaldo"]
[Result "1/2-1/2"]
[WhiteElo "2112"]
[BlackElo "2278"]
[EventDate "2009.07.25"]
[PlyCount "81"]

1.e4 e6 2.d4 d5 3.Nc3 dxe4 4.Nxe4 Qd5 5.Bd3 Nf6 6.Ng3 h5 7.Nf3 h4 8.Nf1 c5
9.Ne3 Qd8 10.dxc5 Nc6 11.h3 Bxc5 12.c3 Qc7 13.O-O Bd7 14.b4 Be7 15.Qb3 Ne5
16.Nxe5 Qxe5 17.Nc4 Qc7 18.Be3 Rc8 19.a4 Nd5 20.Bd4 f6 21.Nd2 Nf4 22.Bb5 
a6 23.Bxd7+ Qxd7 24.Rfe1 e5 25.Be3 g5 26.Bxf4 gxf4 27.Rad1 Qc6 28.Nf3 Kf8 
29.b5 axb5 30.axb5 Qc4 31.Qxc4 Rxc4 32.Rd7 b6 33.Ra1 Kf7 34.Nxh4 Rxh4 35.
Raa7 Rxc3 36.Rxe7+ Kg6 37.Rab7 Kf5 38.f3 Rh6 39.Rg7 e4 40.fxe4+ Kxe4 41.
Rxb6 1/2-1/2

[Event "5th American Continental"]
[Site "Sao Paulo BRA"]
[Date "2009.07.28"]
[Round "5.51"]
[White "Cori Tello, Deysi"]
[Black "Veloso, Perseu Felipe Simoes"]
[Result "1-0"]
[WhiteElo "2390"]
[BlackElo "2005"]
[EventDate "2009.07.25"]
[PlyCount "95"]

1.d4 d5 2.Nf3 Nf6 3.c4 c6 4.g3 Bf5 5.Bg2 e6 6.Nc3 Nbd7 7.O-O Be4 8.Bf4 Be7
9.Nxe4 Nxe4 10.Qc2 g5 11.Be3 f5 12.Ne5 O-O 13.f3 Nd6 14.b3 Nf7 15.Nxd7 
Qxd7 16.Rad1 Nh8 17.Bc1 f4 18.e4 Bd6 19.Bh3 Qf7 20.e5 Be7 21.gxf4 gxf4 22.
Qg2+ Ng6 23.Qg4 Qf5 24.Qg2 Qf7 25.Qg4 Qf5 26.Qxf5 exf5 27.cxd5 cxd5 28.Bb2
Nh4 29.Bc1 Bg5 30.Kf2 Kf7 31.Bd2 Ke6 32.Rg1 h6 33.Bf1 Rfc8 34.Bd3 Ng6 35.
Ke2 Ne7 36.h4 Bxh4 37.Bxf4 Rh8 38.Ke3 Rag8 39.Rxg8 Nxg8 40.Rh1 Bd8 41.Rh5 
Ne7 42.Bg5 hxg5 43.Rxh8 f4+ 44.Kf2 Bb6 45.Rh6+ Kf7 46.Rh7+ Ke6 47.Rh6+ Kf7
48.Rf6+ 1-0

[Event "5th American Continental"]
[Site "Sao Paulo BRA"]
[Date "2009.07.28"]
[Round "5.52"]
[White "Molina, Roberto Junio Brito"]
[Black "Daneri, Martin"]
[Result "1-0"]
[WhiteElo "2370"]
[BlackElo "2121"]
[EventDate "2009.07.25"]
[PlyCount "109"]

1.d4 Nf6 2.c4 c5 3.d5 e6 4.Nc3 exd5 5.cxd5 d6 6.e4 g6 7.Nf3 a6 8.h3 b5 9.
Bd3 Nbd7 10.O-O c4 11.Bc2 Bg7 12.Bf4 Qb6 13.Qd2 O-O 14.Rfe1 Re8 15.Re2 Bb7
16.Rae1 Rac8 17.Bh6 Bh8 18.Be3 Qa5 19.a3 Nc5 20.Bd4 Nfd7 21.Bxh8 Kxh8 22.
Qf4 Nd3 23.Bxd3 cxd3 24.Rd2 Qc7 25.Rxd3 f5 26.Rde3 fxe4 27.Rxe4 Rxe4 28.
Qxe4 Nf6 29.Qf4 Nh5 30.Qd4+ Kg8 31.Ng5 Qg7 32.Qxg7+ Nxg7 33.Re7 Rb8 34.
Nge4 Ne8 35.Ng5 Nf6 36.Re6 Nxd5 37.Nxd5 Bxd5 38.Rxd6 Bc4 39.Rxa6 b4 40.Ra7
bxa3 41.bxa3 h6 42.Nf3 g5 43.Ne5 Be6 44.Ng4 Bxg4 45.hxg4 Rb1+ 46.Kh2 Rb2 
47.f3 Ra2 48.a4 Kh8 49.a5 Kg8 50.a6 Kh8 51.Kg1 Kg8 52.Kf1 Ra1+ 53.Kf2 Ra2+
54.Ke3 Rxg2 55.Rb7 1-0

[Event "5th American Continental"]
[Site "Sao Paulo BRA"]
[Date "2009.07.28"]
[Round "5.53"]
[White "Shiroma, Silvio Haruo"]
[Black "Brito, Luismar"]
[Result "1/2-1/2"]
[WhiteElo "2119"]
[BlackElo "2351"]
[EventDate "2009.07.25"]
[PlyCount "109"]

1.e4 b6 2.d4 Bb7 3.Bd3 e6 4.Nf3 Nf6 5.Qe2 c5 6.c3 d6 7.O-O Nbd7 8.h3 Be7 
9.Re1 e5 10.d5 O-O 11.c4 Bc8 12.Nc3 Re8 13.Nh2 Nf8 14.f4 exf4 15.Bxf4 Ng6 
16.Bg3 Nd7 17.Nf3 Bf8 18.Qc2 Nde5 19.Rf1 Bd7 20.Kh2 Qc8 21.Rae1 Nxf3+ 22.
Rxf3 Ne5 23.Rf2 g6 24.Ref1 Bg7 25.Ne2 Qd8 26.Ng1 Qe7 27.Nf3 Rf8 28.Qd2 
Rae8 29.Nxe5 Bxe5 30.Bxe5 Qxe5+ 31.Qf4 Qxf4+ 32.Rxf4 Rd8 33.Rf6 Bc8 34.g4 
h6 35.Kg3 Kg7 36.R6f3 f6 37.R1f2 Rde8 38.Rf4 Re5 39.R4f3 Bd7 40.Rf4 h5 41.
Rf1 Rg5 42.R1f2 hxg4 43.hxg4 Rh8 44.Rf1 a6 45.b3 b5 46.cxb5 axb5 47.Re1 
Ra8 48.Bb1 b4 49.Re3 Rh8 50.Re1 Re5 51.Ref1 Rg5 52.Re1 Ra8 53.Re3 Ra3 54.
Ref3 Ra8 55.Re3 1/2-1/2

[Event "5th American Continental"]
[Site "Sao Paulo BRA"]
[Date "2009.07.28"]
[Round "5.54"]
[White "Moyses Filho, Joao"]
[Black "Cuevas Araya, Walter"]
[Result "1-0"]
[WhiteElo "2118"]
[BlackElo "2317"]
[EventDate "2009.07.25"]
[PlyCount "171"]

1.e4 c6 2.d4 d5 3.e5 Bf5 4.Bd3 Bxd3 5.Qxd3 Qa5+ 6.c3 Qa6 7.Qxa6 Nxa6 8.f4 
e6 9.Nf3 c5 10.Be3 cxd4 11.Nxd4 Ne7 12.Nd2 g6 13.O-O Nf5 14.Bf2 Nc5 15.
Nxf5 gxf5 16.Bd4 a6 17.g3 Be7 18.Bxc5 Bxc5+ 19.Kg2 Rc8 20.Nb3 Bb6 21.Rfd1 
Ke7 22.Rd3 Rhg8 23.Rad1 Rc4 24.Nd4 Rgc8 25.Kh3 Ra4 26.a3 Rac4 27.Ne2 Ba7 
28.Nd4 Bb6 29.R3d2 Ke8 30.Rd3 Bd8 31.Re1 Be7 32.Re2 Kd7 33.Nf3 b5 34.Nd4 
Rg8 35.Red2 Rgc8 36.Rd1 h5 37.R1d2 Ke8 38.Rd1 Kd7 39.R1d2 R8c7 40.Rd1 Kc8 
41.Nf3 Kb7 42.Nd2 R4c6 43.Nb3 Kb6 44.Ra1 a5 45.a4 b4 46.Nd4 Rc4 47.Nb5 
R7c6 48.Rd2 Re4 49.Kg2 Rcc4 50.b3 bxc3 51.Rc2 Rc5 52.Rxc3 Re2+ 53.Kh3 Rxc3
54.Nxc3 Rc2 55.Nb5 Kc5 56.Rd1 Kb4 57.Nd4 Rc3 58.Nxf5 exf5 59.Rxd5 Bc5 60.
Kh4 Kxb3 61.Kg5 Kxa4 62.Kxf5 Kb3 63.Kf6 a4 64.Kxf7 a3 65.e6 a2 66.Rd1 Ba3 
67.f5 Bc1 68.e7 Rc7 69.Rxc1 Rxc1 70.e8=Q a1=Q 71.Qb5+ Kc3 72.Qe5+ Kd3 73.
Qxa1 Rxa1 74.Kg6 Ke4 75.f6 Ra8 76.f7 Ke5 77.Kg7 Kf5 78.f8=Q+ Rxf8 79.Kxf8 
Kg5 80.h3 h4 81.g4 Kf4 82.Kf7 Kg3 83.g5 Kxh3 84.g6 Kg2 85.g7 h3 86.g8=Q+ 
1-0

[Event "5th American Continental"]
[Site "Sao Paulo BRA"]
[Date "2009.07.28"]
[Round "5.55"]
[White "Bibiloni, Jorge Jaime"]
[Black "Matsuura, Frederico"]
[Result "1-0"]
[WhiteElo "2109"]
[BlackElo "2303"]
[EventDate "2009.07.25"]
[PlyCount "67"]

1.e4 e6 2.d4 d5 3.exd5 exd5 4.c4 Bb4+ 5.Nc3 Qe7+ 6.Be3 Nf6 7.Be2 dxc4 8.
Nf3 Ne4 9.Rc1 Bf5 10.O-O Bxc3 11.bxc3 b5 12.Re1 O-O 13.Bf4 Nd7 14.Bxc7 
Ndf6 15.Ba5 Ng4 16.Bb4 Qf6 17.Rf1 Qh6 18.Bxf8 Rxf8 19.d5 Nexf2 20.Qd4 Re8 
21.Rce1 Be4 22.Rxf2 Bxf3 23.gxf3 Nxf2 24.Qxf2 Qd2 25.d6 Qxd6 26.Bf1 Rxe1 
27.Qxe1 Kf8 28.Qe4 Qb6+ 29.Kg2 Qa5 30.Qa8+ Ke7 31.Qb7+ Kf6 32.Qc6+ Ke7 33.
Qc5+ Ke6 34.Bxc4+ 1-0

[Event "5th American Continental"]
[Site "Sao Paulo BRA"]
[Date "2009.07.28"]
[Round "5.56"]
[White "Guimaraes, Wagner Peixoto"]
[Black "Chaves, Jorge Antonio Torres"]
[Result "1-0"]
[WhiteElo "2291"]
[BlackElo "2102"]
[EventDate "2009.07.25"]
[PlyCount "97"]

1.e4 e5 2.Nf3 Nf6 3.Nxe5 d6 4.Nf3 Nxe4 5.Bd3 Nc5 6.Be2 d5 7.d4 Ne4 8.O-O 
Be7 9.c4 O-O 10.Nc3 Nxc3 11.bxc3 dxc4 12.Bxc4 Nc6 13.Re1 Bf6 14.Ba3 Na5 
15.Bxf8 Nxc4 16.Qa4 Be6 17.Rxe6 Nb6 18.Qb3 fxe6 19.Bc5 Qd5 20.Re1 Nc4 21.
Ba3 a6 22.Bc1 b5 23.h3 c6 24.Bf4 Rf8 25.Bg3 g5 26.Qb1 Kg7 27.Ne5 Bxe5 28.
Bxe5+ Kg8 29.Qd1 h6 30.Qb1 Rf5 31.Bg3 Kf7 32.Qd1 Rf6 33.Qh5+ Rg6 34.Qe2 
Qf5 35.a4 Qd5 36.axb5 cxb5 37.Rf1 Ke7 38.f4 gxf4 39.Bxf4 a5 40.Qf2 Kd7 41.
Bc1 Kc6 42.g4 Qe4 43.Qf7 Nd6 44.Qa7 Rxg4+ 45.hxg4 Qxg4+ 46.Kf2 Ne4+ 47.Ke3
Nxc3 48.Qc5+ Kd7 49.Rf7+ 1-0

[Event "5th American Continental"]
[Site "Sao Paulo BRA"]
[Date "2009.07.28"]
[Round "5.57"]
[White "Mata, Luis Carlos da"]
[Black "Caldeira Marques, Adriano"]
[Result "1/2-1/2"]
[WhiteElo "2079"]
[BlackElo "2268"]
[EventDate "2009.07.25"]
[PlyCount "68"]

1.e4 c5 2.Nf3 e6 3.d4 cxd4 4.Nxd4 Nf6 5.Nc3 d6 6.Bg5 Be7 7.f4 h6 8.Bh4 
Nxe4 9.Bxe7 Nxc3 10.Bxd8 Nxd1 11.Bc7 Ne3 12.Bxd6 Nc6 13.Nxc6 bxc6 14.Kd2 
Nxf1+ 15.Rhxf1 Ba6 16.Rfd1 O-O-O 17.Kc3 Bb7 18.Rd4 Rhg8 19.g3 Ba6 20.Re1 
Rd7 21.Re5 Rgd8 22.Bc5 Bf1 23.Rxd7 Rxd7 24.Bf8 g6 25.Re1 Bh3 26.Bxh6 Rd5 
27.Re5 Rd8 28.Re2 Bg4 29.Rd2 Rxd2 30.Kxd2 Kd7 31.Bf8 f6 32.Bc5 a6 33.Bd4 
f5 34.Bc5 Bf3 1/2-1/2

[Event "5th American Continental"]
[Site "Sao Paulo BRA"]
[Date "2009.07.28"]
[Round "5.58"]
[White "Torres, Douglas da Silva"]
[Black "Barreto Filho, Carlos Alberto"]
[Result "0-1"]
[WhiteElo "2069"]
[BlackElo "2257"]
[EventDate "2009.07.25"]
[PlyCount "93"]

1.c4 Nf6 2.Nf3 e6 3.g3 Be7 4.Bg2 O-O 5.O-O d5 6.cxd5 exd5 7.d4 c6 8.Nc3 
Re8 9.Re1 Bd6 10.Bg5 h6 11.Bxf6 Qxf6 12.e4 dxe4 13.Nxe4 Qd8 14.Nxd6 Rxe1+ 
15.Qxe1 Qxd6 16.Qe8+ Qf8 17.Re1 Nd7 18.Bf1 Nf6 19.Qxf8+ Kxf8 20.Bc4 Bd7 
21.h4 Rd8 22.Ne5 Be8 23.Nf3 Nd7 24.Kg2 Nb6 25.Bb3 f6 26.g4 Bf7 27.Bxf7 
Kxf7 28.Kg3 Rd5 29.Rc1 Ra5 30.a3 Ra4 31.Rc5 Nd5 32.Rc1 Nb6 33.Rc5 g5 34.
hxg5 hxg5 35.Rc1 Rc4 36.Rh1 Nd7 37.Rh7+ Ke6 38.Rh6 Ke7 39.Rh1 Rc2 40.Rb1 
Kd6 41.b4 Rc3 42.a4 Ra3 43.a5 Nf8 44.Kg2 Ne6 45.Nd2 Kd5 46.Nf3 Nf4+ 47.Kf1
0-1

[Event "5th American Continental"]
[Site "Sao Paulo BRA"]
[Date "2009.07.28"]
[Round "5.59"]
[White "Santana, Anderson Pereira"]
[Black "Borda, Alan"]
[Result "0-1"]
[WhiteElo "2063"]
[BlackElo "2255"]
[EventDate "2009.07.25"]
[PlyCount "44"]

1.e4 e5 2.Nf3 d6 3.d4 Nf6 4.Nc3 Nbd7 5.Bc4 Be7 6.O-O O-O 7.h3 c6 8.a4 Qc7 
9.Bg5 Re8 10.Nh4 h6 11.Be3 Nxe4 12.Nxe4 d5 13.Nf5 Nf8 14.Neg3 dxc4 15.Nxg7
Kxg7 16.Qh5 Kg8 17.f4 exd4 18.Bxd4 Qd6 19.Rad1 Qg6 20.f5 Qxg3 21.Qxh6 Nh7 
22.Rf4 Bf8 0-1

[Event "5th American Continental"]
[Site "Sao Paulo BRA"]
[Date "2009.07.28"]
[Round "5.60"]
[White "Andrade, Roberto Luiz Costa"]
[Black "Prieto Sanabria, Ernesto"]
[Result "1/2-1/2"]
[WhiteElo "2251"]
[BlackElo "2104"]
[EventDate "2009.07.25"]
[PlyCount "104"]

1.e4 e5 2.Nf3 Nf6 3.Nc3 Nc6 4.d4 exd4 5.Nxd4 Bb4 6.Nxc6 bxc6 7.Bd3 d5 8.
exd5 Qe7+ 9.Qe2 Qxe2+ 10.Kxe2 Nxd5 11.Nxd5 cxd5 12.Bb5+ Bd7 13.Bxd7+ Kxd7 
14.Rd1 Ke6 15.Be3 a6 16.c4 c6 17.Rac1 Rhc8 18.Rc2 Rab8 19.Rdc1 Kd7 20.Kd3 
dxc4+ 21.Rxc4 Bd6 22.b3 Rb5 23.h3 Rd5+ 24.Ke2 f5 25.g3 h6 26.h4 Be7 27.Ra4
a5 28.Rd1 Bd8 29.h5 Bc7 30.Rxd5+ cxd5 31.Bd4 Bd8 32.Bxg7 Rc2+ 33.Ke3 Bb6+ 
34.Bd4 Rc3+ 35.Kf4 Bxd4 36.Rxd4 Ke6 37.f3 Rc2 38.Ra4 Rh2 39.a3 Rb2 40.g4 
fxg4 41.fxg4 Rxb3 42.Rxa5 d4 43.Ke4 Rg3 44.Ra6+ Ke7 45.Kxd4 Rxg4+ 46.Kc3 
Rg3+ 47.Kc4 Rg4+ 48.Kc3 Rg3+ 49.Kb4 Rg4+ 50.Kc5 Rg5+ 51.Kc6 Rxh5 52.a4 Rh1
1/2-1/2

[Event "5th American Continental"]
[Site "Sao Paulo BRA"]
[Date "2009.07.28"]
[Round "5.61"]
[White "Gattass, Allan"]
[Black "Ferreira, Kleber Victor"]
[Result "1/2-1/2"]
[WhiteElo "2249"]
[BlackElo "2094"]
[EventDate "2009.07.25"]
[PlyCount "130"]

1.e4 e5 2.Nf3 Nc6 3.Bb5 f5 4.d3 fxe4 5.dxe4 Nf6 6.O-O Bc5 7.Bxc6 bxc6 8.
Nxe5 O-O 9.Nd3 Bb6 10.e5 Ne4 11.Nd2 Qh4 12.Nxe4 Qxe4 13.Re1 Qf5 14.Be3 c5 
15.f3 d6 16.exd6 cxd6 17.Nf4 Bb7 18.c4 Ba5 19.Re2 Rae8 20.Nd5 Re5 21.Bd2 
Bxd5 22.cxd5 Rxd5 23.Qb3 Bb6 24.Qc4 Qd3 25.b3 Qd4+ 26.Qxd4 Rxd4 27.Kf1 d5 
28.Rae1 Rh4 29.Re5 c4 30.h3 cxb3 31.axb3 d4 32.Ke2 h6 33.Kd3 Rd8 34.Rh1 
Bc7 35.Re7 Bb6 36.g4 Rf8 37.Ke4 g5 38.Re5 Bc7 39.Rf5 Rxf5 40.Kxf5 Bg3 41.
b4 Bf2 42.b5 Kf7 43.Bb4 d3 44.Bd2 Ke7 45.Ke4 Kd6 46.Bb4+ Kc7 47.Kxd3 Kb6 
48.Bd2 Kxb5 49.Ke2 Bg3 50.Kf1 a5 51.Kg2 Bf4 52.Be1 a4 53.Bxh4 gxh4 54.Rb1+
Kc4 55.Kf2 a3 56.Rb6 a2 57.Ra6 Kb3 58.Ke2 Be5 59.Rxa2 Kxa2 60.Ke3 Kb3 61.
Ke4 Bb2 62.Kf5 Kc4 63.Kg6 Bc1 64.Kf5 Kd5 65.f4 Kd6 1/2-1/2

[Event "5th American Continental"]
[Site "Sao Paulo BRA"]
[Date "2009.07.28"]
[Round "5.62"]
[White "Silva, Edson Rodrigo da"]
[Black "Avalos Parra, Joao"]
[Result "0-1"]
[WhiteElo "2027"]
[BlackElo "2243"]
[EventDate "2009.07.25"]
[PlyCount "54"]

1.d4 d5 2.c4 c6 3.Nc3 Nf6 4.e3 e6 5.Nf3 a6 6.Bd3 Nbd7 7.e4 dxe4 8.Nxe4 
Nxe4 9.Bxe4 Nf6 10.Bc2 c5 11.O-O cxd4 12.Nxd4 Qc7 13.Qe2 Bd6 14.h3 Bd7 15.
Be3 h5 16.Rfd1 Bh2+ 17.Kf1 Rc8 18.b3 Bf4 19.Nf5 Be5 20.Bd4 Bxd4 21.Rxd4 
Qh2 22.Nd6+ Kf8 23.Ke1 Rc5 24.g3 h4 25.b4 Rg5 26.Ne4 hxg3 27.Nxg3 Rxg3 0-1

[Event "5th American Continental"]
[Site "Sao Paulo BRA"]
[Date "2009.07.28"]
[Round "5.63"]
[White "Pontes, Ailton"]
[Black "D`Israel, Davy Maurice"]
[Result "0-1"]
[WhiteElo "2001"]
[BlackElo "2240"]
[EventDate "2009.07.25"]
[PlyCount "90"]

1.e4 c5 2.Nf3 Nc6 3.d4 cxd4 4.Nxd4 Nf6 5.Nc3 e5 6.Ndb5 d6 7.Bg5 a6 8.Bxf6 
gxf6 9.Na3 b5 10.Nd5 Bg7 11.c3 f5 12.Bd3 Be6 13.O-O Bxd5 14.exd5 Ne7 15.
Qh5 e4 16.Bc2 O-O 17.f3 Rc8 18.fxe4 b4 19.exf5 bxa3 20.f6 Ng6 21.fxg7 Kxg7
22.bxa3 Rxc3 23.Qf5 Qb6+ 24.Kh1 Qd4 25.Rad1 Qe5 26.Qxe5+ Nxe5 27.Bb3 Rfc8 
28.Rd4 a5 29.Rdf4 Rc1 30.h3 Rxf1+ 31.Rxf1 Rc3 32.Rf4 Kg6 33.Ra4 Rc5 34.Kh2
h5 35.Kg3 f5 36.Kf2 Nd7 37.g4 fxg4 38.hxg4 h4 39.Rf4 Ne5 40.Kg2 Kg5 41.Re4
Rc3 42.Kg1 h3 43.Kf2 Nxg4+ 44.Ke2 h2 45.Kd2 Rg3 0-1